000 00795cam a22002054a 4500
005 20250605164231.0
008 250528s ||||||||||||||||||||||||d
035 _a20973
020 _a9780745638379
040 _aGR-AtMCL
_bgre
_dGR-AtMCL
_eAACR2
245 1 _aChildhood in a Global Perspective
250 _a1st
260 _bPolicy Press,
_c2009
300 _a214
520 _aThis book offers a unique global perspective on children's lives throughout the World. Childhood in a Global Context, Policy and Practice, Race and Class and Gender, Children and Families, School and Work, Children and Politics, Children and Youth at War, Rescuing Children and Children's Rights, Bibliography, Index.
700 1 _aWells Karen
_96970
942 _cBK
999 _c6050
_d6050